Alle Trainer des SK Rapid Wien seit 2000 - Statistiken

Allgemein
  • Dieses Quiz wurde 162 mal gespielt
    116 seit der letzten Aktualisierung
  • Das Durchschnittsergebnis liegt bei 10 aus 17
Antwortstatistiken
Hint Antwort % Korrekt
2018-2021 Dietmar Kühbauer
88%
2011 Zoran Barisic
88%
2013-2016 Zoran Barisic
88%
2022-2023 Zoran Barisic
88%
2023 Robert Klauss
83%
2006-2011 Peter Pacult
82%
2021-2022 Ferdinand Feldhofer
67%
2021 Thomas Hickersberger & Steffen Hofmann
65%
2017-2018 Goran Djuricin
63%
2016 Mike Büskens
59%
2011-2013 Peter Schöttel
59%
2016-2017 Damir Canadi
58%
2002-2005 Josef Hickersberger
53%
2001-2002 Lothar Matthäus
46%
2006 Georg Zellhofer
23%
2000-2001 Ernst Dokupil
22%
2001 Peter Persidis
8%
Keine übereinstimmenden Quizze gefunden
Verteilung der Resultate
Anzahl Personen mit jedem Resultat
Perzentil nach korrekt beantworteten Fragen
Ihre Resultats-Entwicklung
Sie haben dieses Quiz seit der letzten Aktualisierung nicht gespielt